[Event "Agai Sachdeva Memorial"]
[Site "Agra"]
[Date "2024.08.10"]
[Round "5"]
[White "Suman, Maity"]
[Black "Sumeetkumar, MS."]
[Result "1-0"]
[WhiteElo "1684"]
[BlackElo "1733"]
[PlyCount "195"]
[EventDate "2024.08.09"]
[EventType "swiss"]
[EventRounds "9"]
[EventCountry "IND"]
[SourceTitle "EXT 2025"]
[Source "ChessBase"]
[SourceDate "2024.10.14"]
[SourceVersion "1"]
[SourceVersionDate "2024.10.14"]
[SourceQuality "1"]

1. d4 Nf6 2. c4 c5 3. d5 e6 4. Nc3 exd5 5. Nxd5 Nxd5 6. Qxd5 Nc6 7. Nf3 Be7 8. Bd2 d6 9. Bc3 0-0 10. e3 Bf6 11. Qd2 Be6 12. Be2 Bxc3 13. Qxc3 d5 14. Rd1 d4 15. exd4 cxd4 16. Nxd4 Nxd4 17. Rxd4 Qc7 18. 0-0 Rac8 19. Qd2 Rfe8 20. b3 Qc5 21. Rd1 Qe7 22. Bf3 a6 23. h3 b5 24. cxb5 axb5 25. Rd6 Rc5 26. Rd8 g6 27. Qd6 Qxd6 28. R1xd6 Rxd8 29. Rxd8+ Kg7 30. Rd2 Rc3 31. Be4 Rc1+ 32. Kh2 h5 33. h4 Kf6 34. Rc2 Ra1 35. Bd3 b4 36. Kg3 Ke5 37. Bc4 Bf5 38. Re2+ Kf6 39. Kf4 Rd1 40. Ke3 Bb1 41. Rd2 Re1+ 42. Kd4 Re5 43. Rb2 Bf5 44. Re2 Ra5 45. Rb2 Re5 46. Bd5 Be6 47. Bxe6 Kxe6 48. f3 Rf5 49. Re2+ Kd6 50. Kc4 Rf4+ 51. Re4 Rf5 52. Kxb4 Rd5 53. Kc3 Rc5+ 54. Rc4 Re5 55. Kd3 Re1 56. a4 Rd1+ 57. Kc3 Rg1 58. Rd4+ Kc6 59. Rd2 Rh1 60. Rd4 Rg1 61. Rf4 f5 62. g4 hxg4 63. fxg4 Rg3+ 64. Kc4 fxg4 65. Rf6+ Kb7 66. Rxg6 Rg1 67. h5 g3 68. h6 g2 69. Kb5 Rh1 70. Rg7+ Kb8 71. Rxg2 Rxh6 72. Rg7 Rh5+ 73. Kb6 Rh6+ 74. Ka5 Rh5+ 75. Kb4 Rh4+ 76. Ka3 Rh5 77. Re7 Rg5 78. Rd7 Kc8 79. Rd3 Kb7 80. b4 Rg1 81. Kb3 Rg4 82. a5 Rh4 83. Ka4 Ka7 84. Rd5 Kb7 85. Kb5 Rh7 86. a6+ Ka7 87. Ka5 Rg7 88. b5 Rg8 89. Rd7+ Kb8 90. Kb6 Rg6+ 91. Kc5 Rg5+ 92. Kc6 Rg6+ 93. Rd6 Rg8 94. b6 Rh8 95. Re6 Rc8+ 96. Kd7 Ka8 97. b7+ Ka7 98. bxc8N+ 1-0